[Event "AUT-chT 9798"]
[Site "Austria"]
[Date "1997.11.07"]
[Round "3"]
[White "Feistenauer, Fred"]
[Black "Bawart, Markus"]
[Result "1/2-1/2"]
[WhiteElo "2315"]
[BlackElo "2325"]
[PlyCount "28"]
[EventDate "1997.10.12"]
[EventType "team-tourn"]
[EventRounds "11"]
[EventCountry "AUT"]
[SourceTitle "CBM 063 ext"]
[Source "ChessBase"]
[SourceDate "1998.04.29"]
[SourceVersion "1"]
[SourceVersionDate "1998.04.29"]
[SourceQuality "1"]
[WhiteTeam "Hohenems"]
[BlackTeam "Hietzing"]
[WhiteTeamCountry "AUT"]
[BlackTeamCountry "AUT"]

1. Nc3 d5 2. e4 dxe4 3. Nxe4 Bf5 4. Ng3 Bg6 5. Nf3 Nf6 6. Bc4 e6 7. h4 Nh5 8. Nf1 Bd6 9. d3 h6 10. Qe2 Nd7 11. g3 Qf6 12. Rg1 0-0-0 13. N1d2 e5 14. Ne4 Qe7 1/2-1/2

[Event "AUT-chT3 9798"]
[Site "Vorarlberg "]
[Date "1997.10.31"]
[Round "3"]
[White "Feistenauer, Fred"]
[Black "Elkuch, Harald"]
[Result "1-0"]
[WhiteElo "2265"]
[BlackElo "2160"]
[PlyCount "55"]
[EventDate "1997.??.??"]
[EventType "team-tourn"]
[EventRounds "9"]
[EventCountry "AUT"]
[SourceTitle "EXT 1999"]
[Source "ChessBase"]
[SourceDate "1998.11.16"]
[SourceVersion "1"]
[SourceVersionDate "1998.11.16"]
[SourceQuality "1"]

1. Nc3 Nf6 2. e4 d6 3. f4 b6 4. Nf3 Bb7 5. d3 e6 6. g3 Be7 7. Bg2 Nbd7 8. 0-0 0-0 9. h3 Rc8 10. g4 c5 11. g5 Nh5 12. h4 g6 13. Bh3 Ng3 14. Rf2 d5 15. Qe1 c4 16. exd5 exd5 17. Ne2 Nxe2+ 18. Rxe2 cxd3 19. Rxe7 Rxc2 20. Rxd7 Qc8 21. Bd2 Re8 22. Ne5 Qc5+ 23. Be3 Rxe5 24. Bxc5 Rxe1+ 25. Rxe1 bxc5 26. Rxb7 Rc4 27. Rd1 Rd4 28. Bg2 1-0

[Event "AUT-chT 9798"]
[Site "Austria"]
[Date "1997.10.13"]
[Round "2"]
[White "Feistenauer, Fred"]
[Black "Watzka, Horst"]
[Result "1/2-1/2"]
[WhiteElo "2315"]
[BlackElo "2370"]
[PlyCount "29"]
[EventDate "1997.10.12"]
[EventType "team-tourn"]
[EventRounds "11"]
[EventCountry "AUT"]
[SourceTitle "CBM 063 ext"]
[Source "ChessBase"]
[SourceDate "1998.04.29"]
[SourceVersion "1"]
[SourceVersionDate "1998.04.29"]
[SourceQuality "1"]
[WhiteTeam "Hohenems"]
[BlackTeam "Graz Merkur Versicherung"]
[WhiteTeamCountry "AUT"]
[BlackTeamCountry "AUT"]

1. Nc3 Nf6 2. Nf3 d6 3. g3 c5 4. d4 cxd4 5. Nxd4 g6 6. Bg2 Bg7 7. 0-0 0-0 8. e4 Bg4 9. Nde2 Qc8 10. f3 Bd7 11. Nf4 Nc6 12. Nd3 Rb8 13. a4 b6 14. Nd5 Re8 15. c3 1/2-1/2